The three stangers (Record no. 36393)

MARC details
000 -LEADER
fixed length control field 00432nam a2200169Ia 4500
020 ## - INTERNATIONAL STANDARD BOOK NUMBER
ISBN 605-4081-84-4
050 ## - CALL MARK
Classification number PZ 7 .H37 T47/
100 ## - STATEMENT OF RESPONSIBILITY--MAIN AUTHOR NAME
Personal name Hardy, Thomas
245 #4 - TITLE STATEMENT
Title The three stangers
260 ## - PUBLICATION, DISTRIBUTION, ETC. (IMPRINT)
Place of publication Istanbul
260 ## - PUBLICATION, DISTRIBUTION, ETC. (IMPRINT)
Name of publisher TEG Publishing
300 ## - PHYSICAL DESCRIPTION
Number of Pages 44 p
650 ## - SUBJECT ADDED ENTRY--TOPICAL TERM
Topical Term English language -- Study and teaching Readers - Stage 6
942 ## - ADDED ENTRY ELEMENTS (KOHA)
Koha item type Books
Holdings
Withdrawn status Lost status Source of classification or shelving scheme Damaged status Not for loan Permanent Location Current Location Date acquired Accession Number Price effective from Koha item type
    Library of Congress Classification     NILE UNIVERSITY OF NIGERIA - MAIN LIBRARY NILE UNIVERSITY OF NIGERIA - MAIN LIBRARY 04/23/2025 0006683 04/23/2025 Books